<?xml version="1.0" encoding="UTF-8"?>
<marc:record xmlns:marc="http://www.loc.gov/MARC21/slim">
   <marc:leader>00000nam a2200000 a 4500</marc:leader>
   <marc:datafield ind1="0" ind2="0" tag="245">
      <marc:subfield code="a">Salto für Anfänger</marc:subfield>
   </marc:datafield>
   <marc:datafield ind1="0" ind2="0" tag="245">
      <marc:subfield code="b">Liebe. Lügen. Seifenblasen.</marc:subfield>
   </marc:datafield>
   <marc:datafield ind1=" " ind2="1" tag="264">
      <marc:subfield code="c">2011</marc:subfield>
   </marc:datafield>
   <marc:datafield ind1="1" ind2=" " tag="520">
      <marc:subfield code="a">Irgendwas in Isabella Eklöf`s Leben läuft elementar schief: Eigentlich sollte sie schon längst ein erfolgreicher Filmstar sein, mit dem perfekten Lebensabschnittsgefährten, versteht sich. Als sich ihr die große Chance auf dieses Leben endlich bietet, inklusive eines romantischen Wochenendes mit Traummann in Wien, wird natürlich nicht gezögert, sondern zugegriffen, mit allen Konsequenzen... Eine charmante, witzige und unwiderstehliche Geschichte über eine starke Frau, die sich allen Herausforderungen, mögen sie noch so schwierig sein, stellt, und am Ende damit auch ihr Ziel erreicht.</marc:subfield>
   </marc:datafield>
   <marc:datafield ind1=" " ind2=" " tag="020">
      <marc:subfield code="a">9780128406892</marc:subfield>
      <marc:subfield code="9">9780128406892</marc:subfield>
   </marc:datafield>
   <marc:datafield ind1=" " ind2=" " tag="020">
      <marc:subfield code="a">0128406895</marc:subfield>
      <marc:subfield code="9">0128406895</marc:subfield>
   </marc:datafield>
   <marc:datafield ind1=" " ind2=" " tag="338">
      <marc:subfield code="a">Videodisk</marc:subfield>
   </marc:datafield>
   <marc:datafield ind1=" " ind2=" " tag="300">
      <marc:subfield code="a">106 Min.</marc:subfield>
   </marc:datafield>
</marc:record>
